MATHEMATICAL DISCOURSE THAT BREAKS BARRIERS AND CREATES SPACE FOR MARGINALIZED LEARNERS. (Record no. 216548)
[ view plain ]
| 000 -LEADER | |
|---|---|
| fixed length control field | 00570nam a22001697a 4500 |
| 008 - FIXED-LENGTH DATA ELEMENTS--GENERAL INFORMATION | |
| fixed length control field | 260205b |||||||| |||| 00| 0 eng d |
| 020 ## - INTERNATIONAL STANDARD BOOK NUMBER | |
| International Standard Book Number | 978-94-6351-210-7 |
| 050 ## - LIBRARY OF CONGRESS CALL NUMBER | |
| Classification number | QA 11 .M38 2018 |
| 100 ## - MAIN ENTRY--PERSONAL NAME | |
| Personal name | HUNTER, ROBERT |
| 245 ## - TITLE STATEMENT | |
| Title | MATHEMATICAL DISCOURSE THAT BREAKS BARRIERS AND CREATES SPACE FOR MARGINALIZED LEARNERS. |
| 260 ## - PUBLICATION, DISTRIBUTION, ETC. | |
| Place of publication, distribution, etc. | ROTTERDAM, |
| Name of publisher, distributor, etc. | SENSE PUBLISHERS, |
| Date of publication, distribution, etc. | 2018 |
| 300 ## - PHYSICAL DESCRIPTION | |
| Extent | x, 293 P, ILL |
| 650 ## - SUBJECT ADDED ENTRY | |
| Topical term or geographic name entry element | MATHEMATICS- STUDY AND TEACHING. |
| 700 ## - ADDED ENTRY--PERSONAL NAME | |
| Personal name | CIVIL, MARTA . HERBEL-EISENMANN, BETH. PLANAS, NURIA |
| 942 ## - ADDED ENTRY ELEMENTS (KOHA) | |
| Source of classification or shelving scheme | Library of Congress Classification |
| Koha item type | Long Loan Book |
| Withdrawn status | Lost status | Source of classification or shelving scheme | Damaged status | Not for loan | Collection | Home library | Current library | Shelving location | Date acquired | Inventory number | Total checkouts | Full call number | Barcode | Date last seen | Copy number | Price effective from | Koha item type |
|---|---|---|---|---|---|---|---|---|---|---|---|---|---|---|---|---|---|
| Library of Congress Classification | Science & Technology | Kisii University Library | Kisii University Library | On Display | 02/05/2026 | 111464 | QA 11 .M38 2018 | 50478 | 02/05/2026 | 1 | 02/05/2026 | Long Loan Book | |||||
| Library of Congress Classification | Science & Technology | Kisii University Library | Kisii University Library | On Display | 02/05/2026 | 111465 | QA 11 .M38 2018 | 50305 | 02/05/2026 | 2 | 02/05/2026 | Long Loan Book | |||||
| Library of Congress Classification | Science & Technology | Kisii University Library | Kisii University Library | On Display | 02/05/2026 | 111466 | QA 11 .M38 2018 | 50325 | 02/05/2026 | 3 | 02/05/2026 | Long Loan Book | |||||
| Library of Congress Classification | Science & Technology | Kisii University Library | Kisii University Library | On Display | 02/05/2026 | 111467 | QA 11 .M38 2018 | 50302 | 02/05/2026 | 3 | 02/05/2026 | Long Loan Book |